| 000 | 01427nam a22002777a 4500 | ||
|---|---|---|---|
| 999 |
_c20281 _d20281 |
||
| 005 | 20180803170454.0 | ||
| 008 | 180803b2018 ck ||||| |||| 00| 0 spa d | ||
| 020 | _a9789584829481 | ||
| 040 |
_aCO-BoIAVH _cCO-BoIAVH |
||
| 041 | _aspa | ||
| 044 | _ack | ||
| 082 |
_a641.392 _bT75p |
||
| 100 |
_aTroyano Guzmán, Héctor Elías as _eautor |
||
| 245 | 1 |
_aPescado seco salado alimento de ayer, de hoy y de siempre: _bconozca sus beneficios y versatilidad |
|
| 260 |
_aBogotá: _bValderrama Niño, José Rodrigo, _c2018. |
||
| 300 |
_a317 páginas: _bfotografías a color; _c17 x 24 cm. |
||
| 650 | 2 | 6 |
_aPescado seco _xHistoria |
| 650 | 2 | 6 | _aConsumo |
| 650 | 2 | 6 | _aTradición |
| 650 | 2 | 6 | _aNormativa |
| 650 | 2 | 6 |
_aEspecies _xRiesgo de extinción |
| 650 | 2 | 6 | _aNutrición |
| 650 | 2 | 6 | _aRecetas |
| 700 | _aValderrama Niño, José Rodrigo | ||
| 942 |
_2ddc _cLIBRO |
||